Normal view
MARC view
Entry Personal Name
001 - CONTROL NUMBER
- control field: 33461
003 - CONTROL NUMBER IDENTIFIER
- control field: ARRUPE
005 - DATE AND TIME OF LATEST TRANSACTION
- control field: 20170724092114.0
008 - FIXED-LENGTH DATA ELEMENTS
- fixed length control field: 170724|| aca||aabn | a|a d
040 ## - CATALOGING SOURCE
- Original cataloging agency: ARRUPE
- Transcribing agency: ARRUPE
100 ## - HEADING--PERSONAL NAME
- Personal name: Laskin, Emma
- Relator term: col.
670 ## - SOURCE DATA FOUND
- Source citation: Work cat.: (ARRUPE): Gardner, Howard 15046, Leading minds, 1995